Normal view
MARC view
Entry Topical Term
001 - CONTROL NUMBER
- control field: 3066
003 - CONTROL NUMBER IDENTIFIER
- control field: ARRUPE
005 - DATE AND TIME OF LATEST TRANSACTION
- control field: 20131028174256.0
008 - FIXED-LENGTH DATA ELEMENTS
- fixed length control field: 131028|| aca||aabn | a|a d
040 ## - CATALOGING SOURCE
- Original cataloging agency: ARRUPE
- Transcribing agency: ARRUPE
150 ## - HEADING--TOPICAL TERM
- Topical term or geographic name as entry element: Liturgical movement
- General subdivision: Catholic Church
- General subdivision: History
- Chronological subdivision: 20th century.
670 ## - SOURCE DATA FOUND
- Source citation: Work cat.: (ARRUPE)0: Baldovin, John F. (John Francis), 1947- 3064, Reforming the liturgy :, c2008.